000 004680000a22001810004500
003 MACL
005 20150813162137.0
008 150813b xxu||||| |||| 00| 0 eng d
040 _aMACL
_cMACL
041 _aEnglish
082 _a400/EBE
100 _aMitra, Madhabendranath
_95413
245 _aLanguage Truth And Predication
260 _bNew Statesman Publishing Company
_c1988
_aNew Delhi
350 _a160
650 _aLinguistics
_95414
942 _cBK
_k400
_2ddc
999 _c6536
_d6536